QUALITY CINTROL &STANDARDIZATION OF HERBALS (Record no. 1219722)

MARC details
000 -LEADER
fixed length control field 00465nam a2200169Ia 4500
008 - FIXED-LENGTH DATA ELEMENTS--GENERAL INFORMATION
fixed length control field 260407s2025 xx 000 0 und d
041 ## - LANGUAGE CODE
Language code of text/sound track or separate title eng
082 ## - DEWEY DECIMAL CLASSIFICATION NUMBER
Classification number 615.321/ CHO
Item number 12230
100 ## - MAIN ENTRY--PERSONAL NAME
Personal name DR. V.V. CHOPADE
245 ## - TITLE STATEMENT
Title QUALITY CINTROL &STANDARDIZATION OF HERBALS
250 ## - EDITION STATEMENT
Edition statement 2ND
260 ## - PUBLICATION, DISTRIBUTION, ETC.
Place of publication, distribution, etc. PUNE
Name of publisher, distributor, etc. TECHNICAL PUB
Date of publication, distribution, etc. 2025
300 ## - PHYSICAL DESCRIPTION
Extent 6.36p
650 ## - SUBJECT ADDED ENTRY--TOPICAL TERM
Topical term or geographic name entry element PHARMACOGONOSY
650 ## - SUBJECT ADDED ENTRY--TOPICAL TERM
Topical term or geographic name entry element QUALITY CINTROL &STANDARDIZATION OF HERBALS
700 ## - ADDED ENTRY--PERSONAL NAME
Personal name DR. B.L. RAM
Holdings
Withdrawn status Lost status Damaged status Not for loan Home library Current library Date acquired Cost, normal purchase price Total Checkouts Full call number Barcode Date last seen Price effective from Koha item type
        College of Pharmacy, Kolhapur College of Pharmacy, Kolhapur 08/04/2026 395.00   615.321/ CHO/12230 PCK-12230 08/04/2026 08/04/2026 Book